Upgrading and repairing PCs /
Guardado en:
| Autor Principal: | |
|---|---|
| Formato: | Libro |
| Idioma: | English |
| Publicado: |
Carmel, IN :
Que,
c1992.
|
| Edición: | 2nd ed. |
| Materias: | |
| Etiquetas: |
Agregar Etiqueta
Sin Etiquetas, Sea el primero en etiquetar este registro!
|
| LEADER | 00798cam a22002415a 4500 | ||
|---|---|---|---|
| 001 | EIQ.libpla003929 | ||
| 008 | 920106s1992####inua##########001#0#eng#d | ||
| 005 | 20080410191441.0 | ||
| 245 | 1 | 0 | |a Upgrading and repairing PCs / |c Scott Mueller. |
| 250 | |a 2nd ed. | ||
| 260 | |a Carmel, IN : |b Que, |c c1992. | ||
| 300 | |a xxviii, 1293 p. : |b il. ; |c 23 cm. | ||
| 500 | |a Incluye índice. | ||
| 020 | |a 0880228563 | ||
| 100 | 1 | |a Mueller, Scott. | |
| 082 | 0 | 0 | |a 621.39/16 |2 20 |
| 650 | 4 | |a Microcomputadores |x Mantenimiento y reparación. | |
| 650 | 4 | |a Microcomputadores |x Equipo y fuentes. | |
| 650 | 0 | |a Microcomputers |x Maintenance and repair. | |
| 650 | 0 | |a Microcomputers |x Equipment and supplies. | |
| 010 | |a 91067632 | ||
| 040 | |a DLC |c DLC |d AR-BbSID | ||
| 859 | |a AR-BbSID |b BIB. PLAPIQUI |h 621.381 953 2 |i M 835 |p 4045 | ||
